|
|
|
|
| LEADER |
00000naa2a2200000 4500 |
| 001 |
603797 |
| 005 |
20260204140830.0 |
| 035 |
|
|
|a (RuTPU)RU\TPU\conf\996
|
| 035 |
|
|
|a RU\TPU\conf\991
|
| 090 |
|
|
|a 603797
|
| 100 |
|
|
|a 20140205d2013 k y0rusy50 ca
|
| 101 |
0 |
|
|a rus
|
| 102 |
|
|
|a RU
|
| 135 |
|
|
|a drnn ---uucaa
|
| 181 |
|
0 |
|a i
|
| 182 |
|
0 |
|a b
|
| 200 |
1 |
|
|a Определение максимальной степени устойчивости интервальной системы
|f А. И. Осипенко, Т. А. Езангина
|
| 203 |
|
|
|a Текст
|c электронный
|
| 225 |
1 |
|
|a Автоматизация и управление в технических системах
|
| 300 |
|
|
|a Заглавие с титульного экрана
|
| 320 |
|
|
|a [Библиогр.: с. 260 (2 назв.)]
|
| 337 |
|
|
|a Adobe Reader
|
| 463 |
|
1 |
|0 (RuTPU)RU\TPU\conf\515
|t Молодежь и современные информационные технологии
|o сборник трудов XI Международной научно-практической конференции студентов, аспирантов и молодых ученых, г. Томск, 13-16 ноября 2013 г.
|f Национальный исследовательский Томский политехнический университет (ТПУ) ; под ред. Е. А. Сикоры и др.
|v [С. 259-260]
|d 2013
|
| 610 |
1 |
|
|a труды учёных ТПУ
|
| 610 |
1 |
|
|a электронный ресурс
|
| 610 |
1 |
|
|a устойчивость систем
|
| 610 |
1 |
|
|a интервальные системы
|
| 610 |
1 |
|
|a системы автоматического управления
|
| 610 |
1 |
|
|a САУ
|
| 700 |
|
1 |
|a Осипенко
|b А. И.
|
| 701 |
|
1 |
|a Езангина
|b Т. А.
|c специалист в области информатики и вычислительной техники
|c инженер Томского политехнического университета
|f 1987-
|g Татьяна Александровна
|3 (RuTPU)RU\TPU\pers\35610
|
| 801 |
|
2 |
|a RU
|b 63413507
|c 20220328
|g RCR
|
| 856 |
4 |
|
|u http://earchive.tpu.ru/handle/11683/70233
|
| 856 |
4 |
|
|u http://www.lib.tpu.ru/fulltext/c/2013/C04/118.pdf
|
| 942 |
|
|
|c CF
|